Código Civil y Comercial comentado : Tratado exegético / Arts. 1708 a 1881. Tomo VIII.
Guardado en:
| Autores Principales: | , , |
|---|---|
| Otros Autores: | |
| Formato: | Libro |
| Idioma: | Spanish |
| Publicado: |
Ciudad Autónoma de Buenos Aires :
La Ley,
2015.
|
| Edición: | 1a. ed. |
| Materias: | |
| Etiquetas: |
Agregar Etiqueta
Sin Etiquetas, Sea el primero en etiquetar este registro!
|
| LEADER | 00934nam a22002295a 4500 | ||
|---|---|---|---|
| 001 | DER.der013068 | ||
| 008 | 180615s2015####ag#||||||||||||||#||spa|| | ||
| 005 | 20231113085004.0 | ||
| 245 | 1 | 0 | |a Código Civil y Comercial comentado : |b Tratado exegético / |c Argentina, |p Arts. 1708 a 1881. |n Tomo VIII. |
| 250 | |a 1a. ed. | ||
| 260 | |a Ciudad Autónoma de Buenos Aires : |b La Ley, |c 2015. | ||
| 300 | |a 940 p. | ||
| 500 | |a Arts. 1708 a 1780 Pascual E. Alferillo. Arts. 1781 a 1814 Fulvio G. Santarelli. Arts. 1815 a 1881 Osvaldo R. Gómez Leo Otras fuentes de las obligaciones. | ||
| 020 | |a 9789870329190 | ||
| 240 | 1 | 0 | |a Código |
| 700 | 1 | |a Alterini, Jorge Horacio, |e dir. | |
| 700 | 1 | |a Alterini, Ignacio E., |e coord. | |
| 700 | 1 | |a Alferillo, Pascual E., |e aut. | |
| 700 | 1 | |a Santarelli, Fulvio G., |e aut. | |
| 700 | 1 | |a Gómez Leo, Osvaldo R., |e aut. | |
| 650 | 7 | |a CODIGO CIVIL Y COMERCIAL | |
| 859 | |a DERECHO |b BIB. DERECHO |h 348.023 |i ARG |p 007970 |3 Tomo VIII | ||
